000 00605nam a2200229Ia 4500
003 OSt
005 20221007065314.0
006 a|||||r|||| 00| 0
007 ta
008 221006b |||||||| |||| 00| 0 eng d
024 _a21,934
037 _cTextual
040 _aFLL
_cFLL
_beng
041 _2eng
_aeng
082 _aZ2,8,11wN32, N7
100 _aChaudhary Pawan
245 0 _aKuldip Singh (vision & mission)
260 _aDelhi
_bVidhi Seva India
_c1997
300 _ax,134p
_ccm.
942 _hZ2,8,11wN32, N7
_cTEXL
_2CC
999 _c1136929
_d1136929